| 000 | 00668nam a2200205 u 4500 | ||
|---|---|---|---|
| 005 | 20240813063755.0 | ||
| 008 | 100507s2009 r 000 0 eng d | ||
| 020 | _a9788449439520 | ||
| 035 | _aUPN01000175696 | ||
| 049 | _aC | ||
| 050 | 4 |
_aAE61 _bC5.6 |
|
| 245 | 0 | 0 |
_a5000 respuestas para aprobar / _ccoord. Pilar Fornelis. |
| 260 |
_aBarcelona, Esp. : _bOcéano, _c2009. |
||
| 300 |
_a6 v. : _bil. col. |
||
| 500 | _aLa biblioteca tiene los volúmenes 3 y 4 | ||
| 505 | 8 |
_aContenido parcial: _gV.3. _tTecnología y astronomía -- _gv.4. _tCiencias naturales |
|
| 650 | 4 |
_aEnciclopedias y diccionarios _92648 |
|
| 700 | 1 |
_aFornelis, Pilar, _ecoord. |
|
| 905 | _aLibro | ||
| 999 |
_c147799 _d147799 |
||